000 01302ngm a22003850a 4500
001 PT21907
003 AR-LpoUNG
005 20210201232248.0
007 co ||u|||uuuuu
008 191001s2005||||ag |||||||||||||||||spa d
020 _a9875492698
_c$30
040 _aAR-LpoUNG
_bspa
_cAR-LpoUNG
_eaacr
041 _aspa
044 _aag
082 0 _a982.064 533v2
245 1 0 _a24 de marzo de 1976 :
_bel golpe y el terrorismo de Estado
250 _a1ª edición
260 _aBuenos Aires :
_bMemoria Abierta,
_c2005.
520 _aLos testimonios y documentos que reúne este CD se refieren al clima social y político previo al golpe militar del 24 de marzo de 1976, a las distintas posiciones frente al mismo, y a los primeros años de consolidación del régimen dictatorial en la Argentina.
650 4 _aANALISIS HISTORICO
650 4 _aARGENTINA
650 4 _aASPECTOS POLITICOS
650 4 _aAUTORITARISMO
650 4 _aCONCIENTIZACION
650 4 _aDICTADURA
650 4 _aFUERZAS ARMADAS
650 4 _aHISTORIA SOCIAL
650 4 _aIDEOLOGIAS POLITICAS
653 _aMAES
653 _aREPRESION
710 2 _aAsociación Civil Memoria Abierta (Buenos Aires)
710 2 _aBuenos Aires (ciudad). Secretaria de Educación
905 _a21907
942 _cCDDVD
999 _c53163
_d53163